[Event "47th GER-ch Blitz 2020"]
[Site "Magdeburg"]
[Date "2020.08.15"]
[Round "21.12"]
[White "Berger, Steve"]
[Black "Weller, Manuel"]
[Result "1-0"]
[WhiteElo "2408"]
[BlackElo "2237"]
[Annotator "TA"]
[PlyCount "96"]
[EventDate "2020.07.28"]
[EventType "tourn"]
[EventCountry "GER"]
[SourceTitle "playchess.com"]
[Source "ChessBase"]
[SourceQuality "1"]

{[%evp 10,96,30,15,26,27,32,29,22,29,39,38,45,46,38,41,72,76,81,89,93,99,173,117,115,110,123,121,119,104,104,105,109,13,87,48,40,3,50,64,69,70,67,66,79,4,72,80,74,63,97,83,98,0,102,98,238,8,79,57,72,0,81,76,96,88,93,94,81,96,89,72,100,99,122,122,147,162,280,264,475,153,225,224,200,97,101,0,19]} 1. e4 c6 2. d4 d5 3. exd5 cxd5 4. Bd3 Nc6 5. c3 Qc7 6. h3 e5 {B13: Caro-Kann: Exchange Variation and Panov-Botvinnik Attack.} 7. dxe5 Nxe5 8. Nf3 Nxd3+ {White has an edge.} 9. Qxd3 Nf6 10. O-O Be7 11. Re1 O-O 12. Bg5 {[#]} Rd8 $146 ({Predecessor:} 12... Be6 13. Nbd2 Rfe8 14. Nd4 Qb6 15. N2b3 Rad8 16. a4 a6 17. Bf4 Bd6 18. a5 Qc7 19. Bg5 Bh2+ 20. Kf1 Be5 21. Kg1 Bh2+ 22. Kf1 Be5 23. Kg1 Bh2+ {½-½ (23) Nevednichy,B (2202)-Iovcov,V (2200) Kishinev 2014}) 13. Nbd2 h6 14. Bh4 b6 15. Nd4 a6 (15... Rf8 $16) 16. Rxe7 (16. Nf1 $18) 16... Qxe7 $16 17. Nc6 $1 {[%csl LRd8,LRe7][%mdl 64] Double Attack} Qd6 18. Nxd8 Qxd8 19. Bxf6 Qxf6 20. Qxd5 Rb8 21. Re1 (21. Qd3 $16) 21... Be6 (21... Bxh3 $1 $11 {keeps the balance.} 22. Nf3 (22. gxh3 Rd8 $11) 22... Be6) 22. Qd3 Rd8 23. Qe2 (23. Qc2 {with more complications.} Qf4 24. Nb3 Qa4 25. Re4 Qxa2 26. Nd4) 23... Bxa2 24. Ne4 Qc6 25. Qxa6 Bc4 26. Qa1 $1 Bd5 27. f3 ({Better is} 27. Qb1 $16) 27... f5 (27... Bxe4 $1 $11 {remains equal.} 28. Rxe4 Rd2) 28. Nf2 Bc4 29. Qc1 Rd6 30. Rd1 Re6 31. Re1 Rd6 $1 32. Qf4 Qc5 (32... Be6 $16 {was called for.}) 33. Qe3 $2 ({White should play} 33. Re8+ $18 Kh7 34. Re5) 33... Re6 (33... Qxe3 $1 $11 34. Rxe3 Kf7) 34. Qd2 Rd6 35. Qe3 (35. Qf4 {feels hotter.} Bb5 36. Qc1 Ba4 37. b4 Qd5 38. Qf4) 35... Re6 36. Qc1 $1 Rd6 37. b4 $36 {[%mdl 2048] Keeping Black busy.} Qd5 38. Rd1 Qe6 39. Rxd6 Qxd6 40. Qe3 b5 41. Qd4 Qe6 {[#]} 42. Nd3 $1 Qe2 43. Ne5 Qf1+ (43... Qe1+ $142 44. Kh2 Be6) 44. Kh2 $18 Kh7 $2 (44... Bb3 45. Qd7 Qe2) 45. f4 $2 (45. Nxc4 $18 bxc4 46. b5) 45... Be2 (45... Bb3 $16 {might work better.} 46. Nd7 Qe2) 46. Qe3 Bd1 {[#]} 47. Qg3 (47. Nd7 $1 $18 {and White stays clearly on top.}) 47... Bc2 $16 48. Qg6+ (48. Nc6 $16) 48... Kg8 $1 {[%mdl 32768] Accuracy: White = 64%, Black = 55%. . Sensor Board Error (Ke4/e5)?} 1-0

[Event "47th GER-ch Blitz 2020"]
[Site "Magdeburg"]
[Date "2020.08.15"]
[Round "21.13"]
[White "Schoewel, Matthias"]
[Black "Bluebaum, Matthias"]
[Result "0-1"]
[WhiteElo "2218"]
[BlackElo "2647"]
[Annotator "TA"]
[PlyCount "124"]
[EventDate "2020.07.28"]
[EventType "tourn"]
[EventCountry "GER"]
[SourceTitle "playchess.com"]
[Source "ChessBase"]
[SourceQuality "1"]

{[%evp 9,124,0,17,0,12,2,2,14,10,8,28,20,31,-43,-40,-35,-29,-20,50,-6,37,26,107,81,115,68,67,31,49,12,20,7,39,39,39,26,39,38,46,0,0,0,0,0,0,-45,7,0,0,-136,-8,-8,-8,-8,-21,-45,-35,-101,-108,-136,-107,-139,-126,-295,-276,-308,-314,-305,-297,-285,-204,-487,-516,-770,-773,-766,-735,-711,-707,-1194,-1176,-1164,-1162,-1135,-1124,-1102,-1088,-1353,-858,-2482,-2071,-1808,-1724,-1518,-734,-3641,-3302,-2408,-2052,-5201,-6527,-29983,-29983,-29987,-29985,-29985,-29985,-29985,-29986,-29986,-29987,-29987,-29986,-29986,-29987,-29987,-29988]} 1. e4 e6 2. Nf3 d5 3. exd5 exd5 4. d4 Nc6 5. Be2 Bd6 6. O-O {C01: French: Exchange Variation.} Nge7 7. b3 O-O 8. c4 {The position is equal.} Ng6 {[#]} 9. Nc3 $146 ({Predecessor:} 9. cxd5 Nb4 10. Nc3 Bf4 11. Ba3 a5 12. Bc4 Bg4 13. Bxb4 axb4 14. Ne4 Re8 15. Qd3 {1-0 (27) Walden Jones,A (1965)-Compton,A (2015) England 1998}) 9... dxc4 10. bxc4 Bg4 11. d5 ({White should play} 11. Be3 $14) 11... Bxf3 $15 12. Bxf3 Nce5 13. Be2 {[#]} f5 (13... Nxc4 $1 $11 {[%mdl 512]} 14. Qc2 (14. Bxc4 Qh4 $15) 14... Nb6) 14. Nb5 ({White should try} 14. Rb1 $14) 14... Bc5 15. Nd4 $36 {[%mdl 2048] White is more active.} Qd6 (15... Bxd4 $1 $11 {keeps the balance.} 16. Qxd4 f4) 16. Ne6 $16 Rfe8 17. Nxc5 Qxc5 18. Be3 Qf8 19. Rc1 f4 20. Bd4 c5 (20... f3 $5 21. Bxf3 (21. gxf3 Nf4 $17) 21... Nxf3+ 22. Qxf3 Qxf3 23. gxf3 Re2 $11) 21. Bxe5 Nxe5 22. Bf3 Qd6 23. Qb3 b6 24. Rfe1 Re7 25. Re4 Rae8 26. Rce1 Qg6 27. Kf1 Qf6 (27... Nxf3 $15 28. gxf3 Rxe4 29. fxe4 Rxe4) 28. Bd1 Nf7 29. f3 {[#]} (29. Rxe7 $11 {remains equal.} Rxe7 30. Rxe7 Qxe7 31. g3) 29... Nd6 ({Better is} 29... Rxe4 $1 $17 30. fxe4 Qd4) 30. Rxe7 $11 Rxe7 31. Rxe7 Qxe7 32. Qd3 Qe5 33. Bc2 (33. Qe2 $15 Qxe2+ 34. Bxe2) 33... g6 $17 34. Kf2 Kg7 35. g3 Nf5 {[%cal Rf4g3]} 36. gxf4 $2 {Loses the game.} (36. g4 $17 Ne3 37. d6) 36... Qxf4 $19 37. Qe4 Qxh2+ 38. Ke1 Qg1+ 39. Kd2 Qd4+ 40. Kc1 $2 (40. Qxd4+ Nxd4 41. Be4) 40... h5 41. Qe8 {intending Qd7+.} Qe3+ 42. Qxe3 Nxe3 {[%mdl 4096] Endgame KB-KN} 43. d6 Kf6 44. Bxg6 h4 45. Be4 Nxc4 46. d7 Ke7 47. f4 Kxd7 48. Kc2 Nd6 49. Bd5 Ke7 50. Kd3 Kf6 51. Ke3 Nb5 (51... h3 $142 52. a3 b5) 52. Kf3 Nc3 53. Bg8 b5 {[%cal Bb6b5,Bb5b4][%mdl 32]} 54. Kg4 c4 55. a4 Nxa4 {Black mates.} 56. Kxh4 Nc5 57. Kg3 c3 58. Bh7 b4 59. Kf2 a5 {[%cal Ba7a5,Ba5a4,Ba4a3][%mdl 32]} 60. Ke3 a4 61. Kd4 a3 62. Bb1 {[#]} c2 $1 {[%mdl 64] Promotion. Accuracy: White = 48%, Black = 71%.} 0-1

[Event "47th GER-ch Blitz 2020"]
[Site "Magdeburg"]
[Date "2020.08.15"]
[Round "21.14"]
[White "Stein, Robert"]
[Black "Braeuning, Rudolf Wilhelm"]
[Result "0-1"]
[WhiteElo "2325"]
[BlackElo "2244"]
[Annotator "TA"]
[PlyCount "51"]
[EventDate "2020.07.28"]
[EventType "tourn"]
[EventCountry "GER"]
[SourceTitle "playchess.com"]
[Source "ChessBase"]
[SourceQuality "1"]

{[%evp 9,51,-140,-138,-195,-194,-187,-176,-187,-196,-172,-159,-208,-141,-177,-169,-441,-437,-429,-417,-490,-483,-460,-298,-516,-526,-470,-422,-661,-657,-731,-731,-752,-740,-931,-715,-905,-684,-1147,-1099,-29993,-29989,-29997,-29998,-29998]} 1. d4 Nf6 2. c4 Nc6 3. Bg5 Ne4 4. Bh4 {[#]} g5 $146 ({Predecessor:} 4... e5 5. Bxd8 Bb4+ 6. Nc3 Nxc3 7. Qb3 Ne4+ 8. Kd1 {1-0 (8) Blachon,P (2084)-Valenti,R (2155) Issy les Moulineaux 2006}) 5. Bg3 {[#]} e5 $1 {[%mdl 512] ...Bb4+ is the strong threat.} 6. a3 {A50: Queen's Fianchetto Defence (1 d4 Nf6 2 c4 b6).} (6. Nc3 $17 {keeps fighting.} Nxc3 7. bxc3 exd4 8. h4) (6. dxe5 Bb4+) 6... exd4 $19 7. Nd2 Nxg3 8. hxg3 {Black is clearly better.} Bg7 9. Qc2 Qf6 10. Ngf3 d6 11. Ne4 Qg6 12. Rd1 $2 (12. e3) 12... Bf5 13. Nfd2 O-O-O 14. b4 Rhe8 15. f3 Ne5 16. Kf2 $2 (16. g4 {only move.} Nxg4 {[%mdl 64] Deflection} 17. fxg4 Bxe4 18. Nxe4 Rxe4 19. e3) 16... h5 17. Kg1 Bh6 18. b5 (18. Qb2 $142 Bg7 19. Nf2) 18... g4 {aiming for ...Be3+.} 19. f4 Nd7 20. Qa4 Bxe4 21. Qxa7 Nb6 22. Nb3 Qe6 {Threatens to win with ...Bc2!} 23. c5 Qxb3 {[%mdl 64] [#] Double Attack} 24. cxb6 Qxg3 25. bxc7 Qe3+ 26. Kh2 {Accuracy: White = 25%, Black = 72%.} 0-1

[Event "47th GER-ch Blitz 2020"]
[Site "Magdeburg"]
[Date "2020.08.15"]
[Round "21.15"]
[White "Krause, Benedict"]
[Black "Muranyi, Karl-Jasmin"]
[Result "1-0"]
[WhiteElo "2425"]
[BlackElo "2331"]
[Annotator "ChessBase"]
[PlyCount "64"]
[EventDate "2020.07.28"]
[EventType "tourn"]
[EventCountry "GER"]
[SourceTitle "playchess.com"]
[Source "ChessBase"]
[SourceQuality "1"]
[TimeControl "180+2"]

1. e4 {[%emt 0:00:00]} c6 {[%emt 0:00:00]} 2. d4 {[%emt 0:00:01]} d5 {[%emt 0:00:00]} 3. Nd2 {[%emt 0:00:01]} g6 {[%emt 0:00:00]} 4. Ngf3 {[%emt 0:00:05]} Bg7 {[%emt 0:00:02]} 5. c3 {[%emt 0:00:01]} Bg4 {[%emt 0:00:02]} 6. Bd3 {[%emt 0:00:04]} Nf6 {[%emt 0:00:04]} 7. e5 {[%emt 0:00:02]} Nfd7 {[%emt 0:00:01]} 8. h3 {[%emt 0:00:02]} Bxf3 {[%emt 0:00:02]} 9. Nxf3 {[%emt 0:00:06]} e6 {[%emt 0:00:03]} 10. h4 {[%emt 0:00:03]} h5 {[%emt 0:00:02]} 11. Ng5 {[%emt 0:00:05]} Bh6 {[%emt 0:00:06]} 12. g4 {[%emt 0:00:19]} Bxg5 {[%emt 0:00:07]} 13. Bxg5 {[%emt 0:00:10]} Qb6 {[%emt 0:00:02]} 14. Rb1 {[%emt 0:00:17]} c5 {[%emt 0:00:01]} 15. gxh5 {[%emt 0:00:07]} Rxh5 {[%emt 0:00:02]} 16. Be2 {[%emt 0:00:02]} Rh8 {[%emt 0:00:07]} 17. Kf1 {[%emt 0:00:09]} cxd4 {[%emt 0:00:07]} 18. cxd4 {[%emt 0:00:01]} Nc6 {[%emt 0:00:00]} 19. Be3 {[%emt 0:00:01]} Ne7 {[%emt 0:00:13]} 20. Bd3 {[%emt 0:00:07]} Nb8 {[%emt 0:00:05]} 21. b4 {[%emt 0:00:26]} Nbc6 {[%emt 0:00:09]} 22. a4 {[%emt 0:00:22]} Nf5 {[%emt 0:00:06]} 23. a5 {[%emt 0:00:13]} Nxe3+ {[%emt 0:00:20]} 24. fxe3 Qd8 25. a6 {[%emt 0:00:26]} bxa6 {[%emt 0:00:06]} 26. Qa4 {[%emt 0:00:06]} Qb6 {[%emt 0:00:14]} 27. Rc1 {[%emt 0:00:03]} Rc8 {[%emt 0:00:19]} 28. Bxa6 {[%emt 0:00:13]} g5 {[%emt 0:00:21]} 29. Rc5 {[%emt 0:00:21]} Qxb4 {[%emt 0:00:15]} 30. Rg1 {[%emt 0:00:00]} Kf8 {[%emt 0:00:13]} 31. Ke2 {[%emt 0:00:00]} Ke7 {[%emt 0:00:00]} 32. Rg4 {[%emt 0:00:00]} Kf8 {[%emt 0:00:26]} 1-0

[Event "47th GER-ch Blitz 2020"]
[Site "Magdeburg"]
[Date "2020.08.15"]
[Round "22.1"]
[White "Donchenko, Alexander"]
[Black "Muranyi, Karl-Jasmin"]
[Result "1-0"]
[WhiteElo "2646"]
[BlackElo "2331"]
[Annotator "TA"]
[PlyCount "73"]
[EventDate "2020.07.28"]
[EventType "tourn"]
[EventCountry "GER"]
[SourceTitle "playchess.com"]
[Source "ChessBase"]
[SourceQuality "1"]

{[%evp 10,73,14,0,49,-4,20,13,26,18,18,25,23,0,0,-21,4,-9,37,25,54,50,50,49,64,65,65,74,64,73,65,65,72,65,64,61,95,87,96,77,79,77,78,77,83,83,80,83,115,106,74,65,254,247,254,113,242,115,448,68,442,442,442,442,515,476]} 1. Nf3 d5 2. g3 c6 3. Bg2 Bf5 4. O-O Nf6 5. d3 e6 6. Nh4 Bg6 {A07: Réti Opening: New York and Capablanca Systems.} 7. e4 $5 {[%mdl 4] A promising side line.} (7. Nxg6 $14 hxg6 8. e4) 7... dxe4 8. Nxg6 hxg6 {The position is equal.} 9. dxe4 Qxd1 10. Rxd1 Nbd7 {[%cal Bb8d7,Bd7c5,Bc5a4][%mdl 32] [#]} 11. Bd2 $146 ({Predecessor:} 11. h3 Bc5 12. Nd2 O-O-O 13. Nb3 Bb6 14. Kf1 Nc5 15. Rxd8+ Rxd8 16. Nxc5 Bxc5 17. Ke2 {½-½ (67) Roiz,M (2659)-Laznicka,V (2578) Plovdiv 2008}) 11... O-O-O 12. Be1 Be7 13. Nd2 Nc5 14. h4 Rd7 15. Kf1 Rhd8 16. Ke2 $1 Na4 17. Nc4 Rxd1 18. Rxd1 Rxd1 19. Kxd1 Nd7 20. b3 Nab6 21. Nxb6+ axb6 $16 {[%mdl 4096] Endgame KBB-KBN} 22. a4 Bc5 23. Ke2 Bd4 24. Kd3 Bf6 25. f4 Nc5+ 26. Ke3 Bb2 27. Bd2 Kc7 28. Bf3 e5 29. f5 $1 Bd4+ 30. Ke2 Kd6 $2 (30... gxf5 $14 31. exf5 Kd6) 31. fxg6 $1 $18 fxg6 32. Bg2 (32. c3 $18) 32... Ne6 (32... Ba1 $16) 33. Bh3 (33. c3 $18 {and the rest is easy.}) 33... Bc5 $2 {[%mdl 8192]} (33... Nc5 $16 {is a better chance.}) 34. Bg4 $2 ({Only move:} 34. b4 $1 $18) 34... Bg1 $2 {[%mdl 8192] [#]} ({Black should play} 34... Nd4+ $14 35. Kd3 Ne6) 35. Kf1 $1 {White is clearly winning.} Bc5 {[#]} 36. b4 $1 Bd4 37. c3 {Accuracy: White = 70%, Black = 48%.} 1-0

[Event "47th GER-ch Blitz 2020"]
[Site "Magdeburg"]
[Date "2020.08.15"]
[Round "22.2"]
[White "Braeuning, Rudolf Wilhelm"]
[Black "Krause, Benedict"]
[Result "1/2-1/2"]
[WhiteElo "2244"]
[BlackElo "2425"]
[Annotator "ChessBase"]
[PlyCount "131"]
[EventDate "2020.07.28"]
[EventType "tourn"]
[EventCountry "GER"]
[SourceTitle "playchess.com"]
[Source "ChessBase"]
[SourceQuality "1"]
[TimeControl "180+2"]

1. e4 {[%emt 0:00:00]} c5 {[%emt 0:00:00]} 2. Nf3 {[%emt 0:00:00]} g6 {[%emt 0:00:00]} 3. d4 {[%emt 0:00:02]} cxd4 {[%emt 0:00:01]} 4. Nxd4 {[%emt 0:00:00]} Nc6 {[%emt 0:00:01]} 5. c4 {[%emt 0:00:01]} Nf6 {[%emt 0:00:02]} 6. Nc3 {[%emt 0:00:01]} d6 {[%emt 0:00:01]} 7. Be2 {[%emt 0:00:03]} Nxd4 {[%emt 0:00:01]} 8. Qxd4 {[%emt 0:00:01]} Bg7 {[%emt 0:00:01]} 9. Bg5 {[%emt 0:00:02]} O-O {[%emt 0:00:01]} 10. O-O {[%emt 0:00:07]} Qa5 {[%emt 0:00:33]} 11. Qd2 {[%emt 0:00:06]} Be6 {[%emt 0:00:01]} 12. Rac1 {[%emt 0:00:09]} Rfc8 {[%emt 0:00:11]} 13. b3 {[%emt 0:00:02]} a6 {[%emt 0:00:23]} 14. Bf3 {[%emt 0:01:01]} Rab8 {[%emt 0:00:18]} 15. Nd5 {[%emt 0:00:18]} Qxd2 {[%emt 0:00:05]} 16. Bxd2 {[%emt 0:00:04]} Nxd5 {[%emt 0:00:33]} 17. exd5 {[%emt 0:00:01]} Bd7 {[%emt 0:00:13]} 18. a4 {[%emt 0:00:09]} Bd4 {[%emt 0:00:37]} 19. Rfe1 {[%emt 0:00:06]} e5 {[%emt 0:00:15]} 20. dxe6 {[%emt 0:00:08]} Bxe6 {[%emt 0:00:13]} 21. Bf4 {[%emt 0:00:06]} Rd8 {[%emt 0:00:05]} 22. Rcd1 {[%emt 0:00:39]} Bc5 {[%emt 0:00:01]} 23. Bd5 {[%emt 0:00:04]} Bxd5 {[%emt 0:00:03]} 24. Rxd5 {[%emt 0:00:02]} b5 {[%emt 0:00:01]} 25. cxb5 {[%emt 0:00:12]} axb5 {[%emt 0:00:00]} 26. Ra1 {[%emt 0:00:13]} Ra8 {[%emt 0:00:02]} 27. g3 {[%emt 0:00:03]} bxa4 {[%emt 0:00:03]} 28. bxa4 {[%emt 0:00:01]} Kf8 {[%emt 0:00:01]} 29. Bd2 {[%emt 0:00:02]} Ra6 {[%emt 0:00:01]} 30. a5 {[%emt 0:00:02]} Ke7 {[%emt 0:00:01]} 31. Rd3 {[%emt 0:00:00]} Kd7 {[%emt 0:00:02]} 32. Rb3 {[%emt 0:00:01]} Kc7 {[%emt 0:00:01]} 33. Rab1 {[%emt 0:00:01]} Ra7 {[%emt 0:00:03]} 34. Kg2 {[%emt 0:00:03]} Kc6 {[%emt 0:00:02]} 35. Rf3 {[%emt 0:00:02]} f5 {[%emt 0:00:01]} 36. h4 {[%emt 0:00:01]} Re8 {[%emt 0:00:01]} 37. Kf1 {[%emt 0:00:02]} Re4 {[%emt 0:00:02]} 38. Rfb3 Ra4 39. Rb8 {[%emt 0:00:07]} Ra2 {[%emt 0:00:02]} 40. Be1 {[%emt 0:00:00]} Kd5 {[%emt 0:00:05]} 41. R8b7 {[%emt 0:00:04]} Rxb7 {[%emt 0:00:04]} 42. Rxb7 Ra1 43. Ke2 {[%emt 0:00:04]} Ra2+ {[%emt 0:00:01]} 44. Kf3 {[%emt 0:00:01]} Ra1 {[%emt 0:00:02]} 45. Bd2 {[%emt 0:00:05]} Ra2 {[%emt 0:00:01]} 46. Be3 {[%emt 0:00:00]} Bxe3 {[%emt 0:00:02]} 47. fxe3 {[%emt 0:00:01]} Rxa5 48. Rxh7 {[%emt 0:00:01]} Ke6 {[%emt 0:00:03]} 49. Rh6 {[%emt 0:00:03]} Kf7 {[%emt 0:00:02]} 50. Rh7+ {[%emt 0:00:02]} Kf6 {[%emt 0:00:01]} 51. Rd7 {[%emt 0:00:01]} d5 {[%emt 0:00:01]} 52. Rd6+ {[%emt 0:00:01]} Kf7 {[%emt 0:00:02]} 53. Rb6 {[%emt 0:00:02]} Rc5 {[%emt 0:00:01]} 54. Kf4 {[%emt 0:00:02]} Rc4+ {[%emt 0:00:02]} 55. Kf3 {[%emt 0:00:02]} Rc5 {[%emt 0:00:00]} 56. Rd6 {[%emt 0:00:01]} Rb5 {[%emt 0:00:01]} 57. Ke2 {[%emt 0:00:02]} Rb2+ {[%emt 0:00:05]} 58. Kf3 {[%emt 0:00:03]} Rb5 {[%emt 0:00:01]} 59. Ra6 {[%emt 0:00:04]} Rc5 {[%emt 0:00:00]} 60. g4 {[%emt 0:00:04]} fxg4+ {[%emt 0:00:03]} 61. Kxg4 {[%emt 0:00:01]} Rc1 {[%emt 0:00:12]} 62. Kg5 {[%emt 0:00:03]} Rg1+ {[%emt 0:00:03]} 63. Kh6 {[%emt 0:00:03]} Rg4 {[%emt 0:00:04]} 64. h5 {[%emt 0:00:03]} gxh5 {[%emt 0:00:01]} 65. Kxh5 {[%emt 0:00:01]} Re4 {[%emt 0:00:01]} 66. Ra3 {[%emt 0:00:01]} 1/2-1/2

[Event "47th GER-ch Blitz 2020"]
[Site "Magdeburg"]
[Date "2020.08.15"]
[Round "22.3"]
[White "Bluebaum, Matthias"]
[Black "Stein, Robert"]
[Result "1-0"]
[WhiteElo "2647"]
[BlackElo "2325"]
[Annotator "TA"]
[PlyCount "107"]
[EventDate "2020.07.28"]
[EventType "tourn"]
[EventCountry "GER"]
[SourceTitle "playchess.com"]
[Source "ChessBase"]
[SourceQuality "1"]

{[%evp 13,107,0,0,0,7,0,6,0,7,0,24,0,48,43,56,42,188,161,183,176,426,457,457,429,400,116,114,115,289,275,287,284,268,281,435,400,365,205,404,402,434,433,439,439,506,352,435,127,119,131,145,136,134,89,79,94,122,45,42,42,36,34,143,130,124,143,177,0,0,0,8,8,15,15,15,15,15,0,37,0,282,243,497,434,378,295,368,159,531,418,862,811,1671,1621,29986,29979]} 1. d4 d5 2. c4 e6 3. Nc3 c6 4. e3 Nf6 5. Nf3 Nbd7 6. Be2 Bd6 7. O-O O-O 8. a4 {D45: Semi-Slav: 5 e3.} a5 9. Qc2 dxc4 10. Bxc4 {The position is equal.} e5 11. h3 Qe7 12. Bb3 {[#]} exd4 $146 ({Predecessor:} 12... Bb4 13. Rd1 e4 14. Nd2 Re8 15. f3 exf3 16. Nxf3 Nf8 17. e4 Be6 18. e5 Bxb3 19. Qxb3 {1-0 (49) Sunilduth Lyna,N (2568)-Anton Guijarro,D (2653) Dubai 2018}) 13. exd4 Nb6 14. Bg5 h6 (14... Be6 $14) 15. Rfe1 $18 Qd8 {[#]} 16. Bxh6 $1 {[%mdl 512] And now Qg6! would win.} gxh6 $2 (16... Nfd5 {keeps fighting.}) 17. Qg6+ $1 {[%mdl 64] Double Attack} Kh8 18. Qxh6+ Nh7 19. Bc2 $2 (19. Ne4 $18 Be7 20. Nf6 $1 {[%mdl 512]}) 19... f5 $16 20. Nh4 $1 $40 {[%cal Rh4g6][%mdl 128] White attacks with force.} Rf6 $2 (20... Qg5 $16 21. Ng6+ {[%mdl 64] Double Attack} (21. Qxd6 Qxh4 22. Re7 Nf6 $11) 21... Kg8 22. Bb3+ Nd5 23. Qxg5 Nxg5) 21. Ng6+ $18 Rxg6 22. Qxg6 {Black must now prevent Re8+.} Bf8 23. Re8 ({Not} 23. Bxf5 Bxf5 24. Qxf5 Qxd4 $16) 23... Qd7 (23... Qxd4 {was called for.} 24. Rd1 Qg7) 24. Rae1 Qg7 25. Bxf5 (25. Qh5 $142 {Strongly threatening Rxf8+!} Bd7 26. Rxa8 (26. Bxf5 Bxe8 27. Rxe8 Rxe8 $11) 26... Nxa8 27. Bxf5) 25... Bxf5 $2 (25... Nf6 {might work better.}) 26. Qxf5 Rxe8 27. Rxe8 Kg8 28. Ne4 Nd7 29. d5 Qf7 30. Qxf7+ $2 (30. Qg4+ $18 Kh8 31. dxc6 $3 {[%mdl 512]} bxc6 32. Ra8) 30... Kxf7 $16 31. Rd8 Ke7 {[#]} 32. Ra8 $1 {Hoping for dxc6.} cxd5 33. Ng3 b6 34. f4 Ke6 35. Re8+ ({White should play} 35. Kf2 $16) 35... Kf7 $14 36. Rc8 Nhf6 37. Kf2 Ke6 (37... d4 $14) 38. Kf3 d4 39. Ne4 Bc5 40. Nxf6 $2 (40. Nf2 $18) 40... Nxf6 $11 41. Rc6+ Ke7 42. g4 d3 43. f5 Nd5 {...Nf4! is the strong threat.} 44. Re6+ Kf7 {With the idea ...d2.} 45. Re5 Nb4 46. g5 Bd4 $2 {[%mdl 8192]} (46... d2 $11 47. Ke2 Nd3 {[%mdl 64] Double Attack} 48. Rxc5 (48. g6+ Kf8 $15) 48... Nxc5 49. Kxd2 Nxa4) 47. Re6 $18 Bxb2 $2 (47... Nd5 {is a better defense.}) 48. Rxb6 Bc3 49. Rb7+ Kg8 {[#] intending ...d2.} 50. Rd7 (50. f6 $1 $18 {is the precise move to win.}) 50... d2 $2 (50... Nc2 $16 {is a better chance.}) 51. Ke2 Na2 (51... Nc6 $142 52. f6 Nd4+ 53. Kd1 Nf5) 52. f6 Nc1+ 53. Kd1 Nd3 54. Rxd3 {Accuracy: White = 59%, Black = 38%.} 1-0

[Event "47th GER-ch Blitz 2020"]
[Site "Magdeburg"]
[Date "2020.08.15"]
[Round "22.4"]
[White "Weller, Manuel"]
[Black "Schoewel, Matthias"]
[Result "1-0"]
[WhiteElo "2237"]
[BlackElo "2218"]
[Annotator "ChessBase"]
[PlyCount "67"]
[EventDate "2020.07.28"]
[EventType "tourn"]
[EventCountry "GER"]
[SourceTitle "playchess.com"]
[Source "ChessBase"]
[SourceQuality "1"]
[TimeControl "180+2"]

1. c4 {[%emt 0:00:00]} e5 {[%emt 0:00:00]} 2. g3 {[%emt 0:00:00]} Nc6 {[%emt 0:00:00]} 3. Bg2 {[%emt 0:00:00]} d6 {[%emt 0:00:01]} 4. Nc3 {[%emt 0:00:01]} Be6 {[%emt 0:00:00]} 5. b3 {[%emt 0:00:05]} Qd7 {[%emt 0:00:01]} 6. e3 {[%emt 0:00:04]} Be7 {[%emt 0:00:02]} 7. Bb2 {[%emt 0:00:01]} Nf6 {[%emt 0:00:01]} 8. d3 {[%emt 0:00:10]} Rd8 {[%emt 0:00:05]} 9. Nge2 {[%emt 0:00:08]} Bh3 {[%emt 0:00:02]} 10. O-O {[%emt 0:00:05]} h5 {[%emt 0:00:01]} 11. Nd5 {[%emt 0:00:24]} Bxg2 {[%emt 0:00:11]} 12. Kxg2 {[%emt 0:00:01]} h4 {[%emt 0:00:00]} 13. Nxf6+ {[%emt 0:00:35]} Bxf6 {[%emt 0:00:03]} 14. Ng1 {[%emt 0:00:07]} Ne7 {[%emt 0:00:12]} 15. d4 {[%emt 0:00:08]} e4 {[%emt 0:00:12]} 16. Qc2 {[%emt 0:00:09]} Qf5 {[%emt 0:00:04]} 17. h3 {[%emt 0:00:16]} hxg3 {[%emt 0:00:13]} 18. fxg3 {[%emt 0:00:01]} Qg6 {[%emt 0:00:00]} 19. Qf2 {[%emt 0:00:08]} c6 {[%emt 0:00:10]} 20. Ne2 {[%emt 0:00:07]} Bg5 {[%emt 0:00:14]} 21. Nf4 {[%emt 0:00:12]} Bxf4 {[%emt 0:00:04]} 22. Qxf4 {[%emt 0:00:01]} d5 {[%emt 0:00:08]} 23. Ba3 {[%emt 0:00:01]} Ng8 {[%emt 0:00:18]} 24. cxd5 {[%emt 0:00:05]} cxd5 {[%emt 0:00:02]} 25. Rac1 {[%emt 0:00:03]} Nf6 {[%emt 0:00:09]} 26. Rc7 {[%emt 0:00:07]} Nd7 {[%emt 0:00:06]} 27. Rxb7 {[%emt 0:00:06]} Qh5 {[%emt 0:00:14]} 28. h4 {[%emt 0:00:08]} f6 {[%emt 0:00:02]} 29. Qd6 {[%emt 0:00:04]} Qf7 {[%emt 0:00:09]} 30. Rf5 {[%emt 0:00:06]} g6 {[%emt 0:00:09]} 31. Rxd5 {[%emt 0:00:02]} Rh7 {[%emt 0:00:01]} 32. Rxa7 {[%emt 0:00:02]} g5 {[%emt 0:00:06]} 33. Rxd7 {[%emt 0:00:05]} Rxd7 {[%emt 0:00:35]} 34. Qb8+ {[%emt 0:00:02]} 1-0